Rubix Cube Colours Fast Type - Statistics

General Stats
  • This quiz has been taken 334 times
  • The average score is 5 of 6
Answer Stats
Colour % Correct
Red
97%
Blue
96%
Yellow
92%
Green
91%
White
89%
Orange
84%
No matching quizzes found
Score Distribution
Percent of People with Each Score
Percentile by Number Answered
Your Score History
You have not taken this quiz